[Event "Vienna IM February 2022"]
[Site "Vienna"]
[Date "2022.02.10"]
[Round "6.5"]
[White "Cu Hor, Winston Darwin"]
[Black "Leisch, Lukas"]
[Result "0-1"]
[WhiteElo "2337"]
[BlackElo "2403"]
[Annotator "TA"]
[PlyCount "78"]
[EventDate "2022.02.06"]
[EventType "tourn"]
[EventCountry "AUT"]
[SourceTitle "playchess.com"]
[Source "ChessBase"]
[SourceQuality "1"]

{[%evp 12,78,0,-8,0,-1,0,-58,-59,-85,-64,-80,-49,-50,-51,-67,-59,-53,-53,-143,-142,-154,-133,-173,-164,-195,-201,-188,-175,-215,-204,-337,-339,-322,-319,-309,-228,-210,-187,-308,-245,-364,-198,-641,-635,-658,-663,-638,-651,-649,-566,-584,-577,-679,-688,-797,-797,-781,-732,-730,-730,-1021,-1034,-984,-983,-1026,-1013,-6023,-5870]} 1. Nf3 d5 2. c4 d4 3. g3 Nc6 4. Bg2 e5 5. d3 Nf6 6. O-O a5 7. Na3 Bc5 {A09: Réti Opening: 1 Nf3 d5 2 c4.} 8. Nb5 O-O 9. Bg5 ({Better is} 9. e3 $11) 9... Be7 $1 $15 {Black is slightly better.} 10. e4 {[#]} Be6 $146 ({Predecessor:} 10... h6 11. Bd2 Bg4 12. h3 Be6 13. Ne1 Nd7 14. f4 Nc5 15. f5 Bd7 16. Qg4 Kh7 {0-1 (57) Scharf,N (2220)-Baranyuk,A (2276) GER email 2016}) 11. Nh4 Nd7 12. Bxe7 Nxe7 13. Qe2 f6 14. f4 Nc6 15. Nf5 {Black continues to play with concentration.} (15. Na3 $15) 15... Nc5 $17 16. Rad1 {[#]} Qd7 $1 17. fxe5 fxe5 18. g4 Nb4 19. b3 c6 20. Na3 a4 21. Nb1 (21. Qd2 $142 Ncxd3 22. Nc2 Nxc2 23. Qxd3) 21... axb3 $19 22. axb3 Ra2 {[%cal Ba8a2,Ba2b2,Bb2b3,Bb3c3][%mdl 32]} (22... Nxb3 23. Qb2 $11) 23. Qf3 {[%cal Of5h6] [#] Intending Nh6+! and mate.} Re8 24. Qg3 Rb2 25. g5 (25. Rf3 $142) 25... Rxb3 {[%cal Rb4d3]} 26. g6 (26. Nd2 {is the only way for White.} Ra3 27. Qxe5 Nbxd3 28. Qg3) 26... h6 ({Don't blunder} 26... Rxd3 $2 27. Qxe5 Rxd1 28. gxh7+ Kh8 29. Rxd1 $19) ({Not} 26... Nbxd3 $2 27. Nd2 Rc3 28. Nb1 hxg6 29. Nxc3 gxf5 30. Rxd3 $19) ({Worse is} 26... Ncxd3 27. gxh7+ (27. Nd2 $2 Rc3 $17) 27... Kxh7 28. Bh3 $17 (28. Nd2 Rc3 $17)) (26... hxg6 $142 27. Qxg6 Bxf5 28. exf5 Nbxd3) 27. Bh3 (27. Nd2 Rb2 28. Rf3) 27... Nbxd3 {Black is clearly winning.} 28. Nd2 Rc3 {Hoping for ...Nf4.} 29. Qh4 Nf4 30. Bg4 Qd8 31. Qxd8 Rxd8 32. Nf3 Nxg6 33. h4 Bxc4 34. h5 Nf4 35. Nxe5 Bxf1 36. Ne7+ Kf8 37. N7g6+ Nxg6 38. Rxf1+ Kg8 39. Nxg6 Rg3+ {Weighted Error Value: White=0.51/Black=0.16 (very precise)} 0-1

[Event "Vienna IM February 2022"]
[Site "Vienna"]
[Date "2022.02.10"]
[Round "7.1"]
[White "Leisch, Lukas"]
[Black "Borrmann, Laurenz"]
[Result "1-0"]
[WhiteElo "2403"]
[BlackElo "2232"]
[Annotator "TA"]
[PlyCount "103"]
[EventDate "2022.02.06"]
[EventType "tourn"]
[EventCountry "AUT"]
[SourceTitle "playchess.com"]
[Source "ChessBase"]
[SourceQuality "1"]

{[%evp 9,103,16,13,10,16,0,0,0,0,0,0,0,20,20,28,21,22,0,12,0,32,27,21,6,44,33,79,29,37,29,75,61,60,55,88,63,68,72,74,67,79,77,72,79,123,70,70,79,71,79,80,82,88,90,104,92,109,75,81,65,70,56,124,70,96,87,182,87,175,170,163,155,257,202,408,399,351,333,455,450,414,390,483,322,576,396,872,629,1634,1572,1687,2014,2323,1966,2589,1991]} 1. Nf3 Nf6 2. b3 d5 3. Bb2 e6 4. c4 Be7 5. e3 b6 6. cxd5 {A13: English Opening: 1...e6.} exd5 7. g3 O-O 8. Bg2 {[#] The position is equal.} Ba6 $146 ({Predecessor:} 8... Re8 9. O-O c5 10. d4 Nbd7 11. Nc3 Ba6 12. Re1 Rc8 13. Ne5 Bd6 14. Nxd7 Qxd7 15. dxc5 {½-½ (39) Iturrizaga Bonelli,E (2598)-Sousa,A (2392) Lisbon 2020}) 9. d3 Nbd7 10. O-O Rc8 11. Re1 Re8 12. Nc3 c5 13. Qc2 Bd6 14. Rad1 Qc7 15. Qb1 Qb8 16. Nh4 d4 (16... Bb7 {keeps more tension.} 17. Bh3 Rcd8 18. d4 Bf8 19. Bg2 Qa8) 17. exd4 cxd4 (17... Rxe1+ $14 {deserves consideration.} 18. Rxe1 cxd4) 18. Rxe8+ ({White should play} 18. Ne4 $1 $16) 18... Rxe8 $11 ({Don't play} 18... Nxe8 19. Ne4 $16) 19. Ne4 Bc5 (19... Nxe4 $11 20. Bxe4 g6) 20. a3 $16 Nxe4 21. Bxe4 b5 22. b4 Bb6 23. Qa1 Nf6 24. Bxd4 Bxd4 25. Qxd4 Rd8 {[#]} 26. Qa1 {White is more active.} Bb7 (26... Bc8 $142) 27. Bxb7 (27. Nf5 $16) 27... Qxb7 $14 28. Qe5 h6 29. d4 Re8 30. Qf5 Nd5 {Hoping for ...Nc3.} 31. Qf3 {Prevents Nc3.} g6 32. Ng2 Qd7 33. Re1 Rd8 34. h4 h5 35. Rc1 Nb6 {Black is on the road to losing.} ({Black should try} 35... a6 $14) 36. Rd1 (36. Ne3 $16) 36... Nd5 37. Ne3 Kg7 (37... Qc6 $16 {was necessary.}) 38. Nxd5 (38. Qxd5 $18 {is more deadly.} Qxd5 39. Nxd5 Rxd5 40. f3) 38... Qxd5 (38... Qc6 $16) 39. Qxd5 $18 Rxd5 {[%mdl 4096] Endgame KR-KR} 40. Kg2 Rd6 {[#]} (40... Kf6 $16 41. Kf3 Rd7) 41. Kf3 $1 a5 $2 (41... Rf6+ 42. Ke2 Re6+ 43. Kf3 Rf6+ 44. Ke3 Re6+ 45. Kf4 Rf6+ 46. Ke5 Rxf2) 42. d5 ({Less strong is} 42. bxa5 Ra6 43. Ke4 Rxa5 $16) 42... axb4 43. axb4 Rd7 44. Ke4 Kf6 45. Rc1 {Strongly threatening Rc6+.} Re7+ 46. Kd3 {Black must now prevent Kd4.} Kf5 $2 (46... Ra7 47. Kd4 Ke7) 47. Rc5 {d6+ is the strong threat.} Kg4 $2 (47... Re1 48. Rxb5 Ke5) 48. Rxb5 {White is clearly winning.} Kf3 49. d6 Rd7 50. Rd5 Kxf2 51. Kc4 Kxg3 52. Kc5 {Weighted Error Value: White=0.23 (precise) /Black=0.38} 1-0

[Event "Vienna IM February 2022"]
[Site "Vienna"]
[Date "2022.02.10"]
[Round "7.2"]
[White "Baidetskyi, Valentin"]
[Black "Cu Hor, Winston Darwin"]
[Result "1/2-1/2"]
[WhiteElo "2427"]
[BlackElo "2337"]
[Annotator "TA"]
[PlyCount "107"]
[EventDate "2022.02.06"]
[EventType "tourn"]
[EventCountry "AUT"]
[SourceTitle "playchess.com"]
[Source "ChessBase"]
[SourceQuality "1"]

{[%evp 20,107,23,20,27,14,16,35,48,42,53,28,44,42,38,5,5,6,8,11,23,14,28,20,16,13,25,16,21,10,8,6,8,0,17,0,0,0,0,0,0,0,4,8,15,13,13,13,16,14,28,28,28,0,0,0,0,0,0,-8,3,0,0,0,0,0,0,0,0,0,0,0,0,0,0,0,12,12,12,12,12,0,12,0,0,0,0,0,0,0]} 1. d4 Nf6 2. c4 e6 3. Nf3 d5 4. g3 dxc4 5. Bg2 c5 6. O-O Nc6 7. dxc5 Qxd1 8. Rxd1 Bxc5 9. Nbd2 c3 10. bxc3 O-O 11. Nb3 Be7 {E04: Open Catalan: 5 Nf3.} 12. c4 e5 13. Bb2 e4 {White is slightly better.} 14. Nfd4 Nxd4 15. Bxd4 Bf5 {[#]} 16. c5 $146 ({Predecessor:} 16. e3 Rfc8 17. Nd2 Re8 18. Rdc1 Rad8 19. Nb3 b6 20. a4 Be6 21. a5 b5 22. Bxa7 Bxc4 {1-0 (40) Berczes,C (2337)-Papp Zoltan,C (2194) Hungary 2019}) 16... Rac8 17. Na5 {[%cal Bb3a5,Ba5b7,Bb7d6][%mdl 32]} (17. Rac1 {with more complications.} Rfd8 18. Na5 Rd7 19. c6 bxc6 20. Rxc6 Re8 21. e3) 17... Bxc5 18. Bxf6 gxf6 19. Nxb7 {[#] And now Rd5 would win.} Bg6 20. e3 Ba3 {[%cal Bc5a3,Ba3b2,Bb2e5][%mdl 32]} 21. Nd6 Rc6 22. Nb5 Bb2 {This bishop pair is nice.} 23. Rab1 Be5 24. Nxa7 Ra6 {[%csl LRa2,LRa7]} 25. Nb5 Rxa2 26. Nd6 Ra4 27. Rd2 Rd8 28. Nc4 Rxd2 29. Nxd2 Bc3 30. Nf1 Bh5 31. h3 Be2 32. g4 {[#] Threatens to win with Ng3.} Be5 33. Nd2 Bd3 {...Ra2 is the strong threat.} 34. Rd1 Kg7 35. Bf1 Bxf1 36. Kxf1 $11 {[%mdl 4096] Endgame KRB-KRN} f5 {The position is equal.} 37. gxf5 Kf6 38. Nb3 Kxf5 39. Rd7 Kf6 40. Rb7 Rc4 {Prevents Nc5.} 41. Nd2 Ra4 42. Nb3 Rc4 {To avoid Nc5} 43. Nd2 Ra4 44. Kg2 Kg6 45. Rb6+ f6 46. Rc6 Kf5 47. Nc4 Ra7 48. Rc5 Rg7+ 49. Kf1 Ke6 {To avoid Nd6} 50. Rb5 Rc7 51. Nd2 f5 52. Nb3 Kf6 53. Rb6+ Kf7 54. Rb5 {Weighted Error Value: White=0.04 (flawless) /Black=0.03 (flawless)} 1/2-1/2

[Event "Vienna IM February 2022"]
[Site "Vienna"]
[Date "2022.02.10"]
[Round "7.3"]
[White "Kruckenhauser, Arthur"]
[Black "Yankelevich, Lev"]
[Result "1/2-1/2"]
[WhiteElo "2278"]
[BlackElo "2444"]
[Annotator "TA"]
[PlyCount "34"]
[EventDate "2022.02.06"]
[EventType "tourn"]
[EventCountry "AUT"]
[SourceTitle "playchess.com"]
[Source "ChessBase"]
[SourceQuality "1"]

{[%evp 15,34,7,23,12,8,0,14,14,12,10,35,9,25,0,0,8,5,0,5,1,2]} 1. e4 e5 2. Nf3 Nc6 3. Bc4 Nf6 4. d3 Bc5 5. c3 O-O 6. O-O d5 7. exd5 Nxd5 8. Re1 Bg4 9. Nbd2 {[%cal Bb1d2,Bd2e4,Be4g3,Bg3f5][%mdl 32] C54: Giuoco Piano: 4 c3 Nf6, main lines with 5 d4 and 5 d3.} Nb6 10. Bb5 f6 11. h3 Bh5 12. Ne4 Be7 13. Ng3 Be8 14. d4 Nxd4 {The position is equal.} 15. Nxd4 exd4 {[#]} 16. Nf5 $1 {[#]} Bd6 $146 ({Predecessor:} 16... Bxb5 17. Rxe7 Rf7 18. Rxf7 Kxf7 19. Qh5+ Kg8 20. Nxg7 Kxg7 21. Bh6+ Kh8 22. Qf7 Qd7 23. Bg7# {1-0 (23) Vantuch,L (1966)-Toman,J (1724) Plzen 2020}) 17. Qg4 {[%csl Gf5][%cal Rg4g7]} Bg6 {A balanced but interesting game.  Weighted Error Value: White=0.11 (very precise) /Black=0.04 (flawless)} 1/2-1/2

[Event "Vienna IM February 2022"]
[Site "Vienna"]
[Date "2022.02.10"]
[Round "7.4"]
[White "Morgunov, Marc"]
[Black "Peyrer, Konstantin"]
[Result "1/2-1/2"]
[WhiteElo "2377"]
[BlackElo "2301"]
[Annotator "ChessBase"]
[PlyCount "168"]
[EventDate "2022.02.06"]
[EventType "tourn"]
[EventCountry "AUT"]
[SourceTitle "playchess.com"]
[Source "ChessBase"]
[SourceQuality "1"]
[TimeControl "40/5400+30:1800+30"]

1. e4 {[%emt 0:02:24]} c6 {[%emt 0:00:07]} 2. Nc3 {[%emt 0:00:32]} d5 {[%emt 0:00:06]} 3. d4 {[%emt 0:00:08]} dxe4 {[%emt 0:00:11]} 4. Nxe4 {[%emt 0:00:06]} Nf6 {[%emt 0:00:10]} 5. Nxf6+ {[%emt 0:00:05]} exf6 {[%emt 0:00:05]} 6. c3 {[%emt 0:00:07]} Bd6 {[%emt 0:00:06]} 7. Bd3 {[%emt 0:00:13]} O-O {[%emt 0:00:07]} 8. Qc2 {[%emt 0:00:06]} Re8+ {[%emt 0:00:04]} 9. Ne2 {[%emt 0:00:06]} h5 {[%emt 0:00:04]} 10. O-O {[%emt 0:00:56]} h4 {[%emt 0:00:10]} 11. h3 {[%emt 0:00:13]} Na6 {[%emt 0:00:25]} 12. Be3 {[%emt 0:05:59]} Nc7 {[%emt 0:02:19]} 13. c4 {[%emt 0:03:06]} Ne6 {[%emt 0:00:26]} 14. Rad1 {[%emt 0:08:24]} Bb8 {[%emt 0:03:19]} 15. Bc1 {[%emt 0:06:24]} Kh8 {[%emt 0:07:43]} 16. d5 {[%emt 0:15:27]} Qd6 {[%emt 0:09:02]} 17. f4 {[%emt 0:04:09]} cxd5 {[%emt 0:00:50]} 18. cxd5 {[%emt 0:00:54]} Qxd5 {[%emt 0:09:19]} 19. Bg6 {[%emt 0:04:28]} Qc6 {[%emt 0:09:21]} 20. Qxc6 {[%emt 0:01:30]} bxc6 {[%emt 0:01:11]} 21. Bxf7 {[%emt 0:00:13]} Rf8 {[%emt 0:00:07]} 22. Bh5 {[%emt 0:03:59]} f5 {[%emt 0:02:29]} 23. Bf3 {[%emt 0:06:17]} Ba6 {[%emt 0:00:40]} 24. Rfe1 {[%emt 0:08:11]} Bc7 {[%emt 0:01:23]} 25. Bxc6 {[%emt 0:04:04]} Rad8 {[%emt 0:00:13]} 26. Nc3 {[%emt 0:00:51]} Nxf4 {[%emt 0:01:45]} 27. Rxd8 {[%emt 0:05:25]} Rxd8 {[%emt 0:00:09]} 28. Re7 {[%emt 0:01:03]} Bb6+ {[%emt 0:02:56]} 29. Kh2 {[%emt 0:03:09]} Nd3 {[%emt 0:07:35]} 30. Bg5 {[%emt 0:01:30]} Rd6 {[%emt 0:00:50]} 31. Bd7 {[%emt 0:02:00]} g6 {[%emt 0:08:21]} 32. Bxh4 {[%emt 0:05:57]} Bd4 {[%emt 0:00:35]} 33. Be6 {[%emt 0:01:14]} Be5+ {[%emt 0:06:18]} 34. Kh1 {[%emt 0:01:16]} Nc5 {[%emt 0:05:40]} 35. Bf7 {[%emt 0:00:58]} Bxc3 {[%emt 0:00:08]} 36. bxc3 {[%emt 0:00:09]} Ne4 {[%emt 0:00:08]} 37. Re6 {[%emt 0:02:11]} Rxe6 {[%emt 0:00:13]} 38. Bxe6 {[%emt 0:00:03]} Kg7 {[%emt 0:00:08]} 39. Be7 {[%emt 0:01:09]} Nxc3 {[%emt 0:05:31]} 40. Bc5 {[%emt 0:00:11]} Kf6 {[%emt 0:00:56]} 41. Bb3 {[%emt 0:30:25]} Ke5 {[%emt 0:30:38]} 42. Bxa7 {[%emt 0:01:30]} Ne2 {[%emt 0:03:03]} 43. h4 {[%emt 0:00:00]} Kf4 {[%emt 0:00:00]} 44. Bf2 {[%emt 0:00:00]} Kg4 {[%emt 0:00:00]} 45. Bf7 {[%emt 0:00:00]} Bb7 {[%emt 0:00:00]} 46. Bc4 {[%emt 0:00:00]} Nc3 {[%emt 0:00:00]} 47. a3 {[%emt 0:00:00]} f4 {[%emt 0:00:00]} 48. Be1 {[%emt 0:00:27]} Na4 {[%emt 0:00:00]} 49. Kg1 {[%emt 0:03:46]} Nc5 {[%emt 0:00:00]} 50. Bf2 {[%emt 0:00:22]} Ne4 {[%emt 0:00:00]} 51. Be2+ {[%emt 0:00:05]} Kf5 {[%emt 0:00:00]} 52. a4 {[%emt 0:00:26]} g5 {[%emt 0:00:00]} 53. h5 {[%emt 0:01:54]} g4 {[%emt 0:00:00]} 54. h6 {[%emt 0:00:19]} Kg6 {[%emt 0:00:10]} 55. Bxg4 {[%emt 0:00:05]} Kxh6 {[%emt 0:00:09]} 56. a5 {[%emt 0:01:03]} Ba6 {[%emt 0:00:08]} 57. Bh4 {[%emt 0:00:06]} Kg6 {[%emt 0:00:18]} 58. Bd8 {[%emt 0:00:17]} Kh6 {[%emt 0:01:55]} 59. Bf3 {[%emt 0:01:30]} Nc5 {[%emt 0:01:56]} 60. Kh2 {[%emt 0:01:19]} Kg6 {[%emt 0:01:33]} 61. Bg4 {[%emt 0:01:23]} Nd3 {[%emt 0:00:18]} 62. Bd7 {[%emt 0:00:48]} Ne5 {[%emt 0:00:18]} 63. Be6 {[%emt 0:00:35]} f3 {[%emt 0:00:14]} 64. gxf3 {[%emt 0:00:14]} Nxf3+ {[%emt 0:00:18]} 65. Kg3 {[%emt 0:00:05]} Ne5 {[%emt 0:00:19]} 66. Bd5 {[%emt 0:00:30]} Nc4 {[%emt 0:00:07]} 67. Kf4 {[%emt 0:00:12]} Nxa5 {[%emt 0:00:09]} 68. Bxa5 {[%emt 0:00:04]} Bd3 {[%emt 0:00:11]} 69. Bc3 {[%emt 0:00:07]} Bc2 {[%emt 0:00:26]} 70. Bc6 {[%emt 0:00:06]} Bb1 {[%emt 0:00:31]} 71. Be8+ {[%emt 0:00:07]} Kh6 {[%emt 0:00:09]} 72. Bf6 {[%emt 0:00:20]} Kh7 {[%emt 0:00:08]} 73. Kg5 {[%emt 0:00:41]} Bc2 {[%emt 0:00:11]} 74. Be7 {[%emt 0:00:05]} Bb1 {[%emt 0:00:07]} 75. Bf8 {[%emt 0:00:09]} Bc2 {[%emt 0:00:07]} 76. Kf6 {[%emt 0:00:13]} Bb1 {[%emt 0:00:05]} 77. Bg7 {[%emt 0:00:04]} Bc2 {[%emt 0:00:09]} 78. Bh5 {[%emt 0:00:06]} Bb1 {[%emt 0:00:08]} 79. Kf7 {[%emt 0:00:14]} Ba2+ {[%emt 0:00:13]} 80. Kf8 {[%emt 0:00:14]} Bb3 {[%emt 0:00:25]} 81. Be8 {[%emt 0:00:11]} Bc2 {[%emt 0:00:13]} 82. Bf7 {[%emt 0:00:06]} Bb1 {[%emt 0:00:10]} 83. Bh5 {[%emt 0:00:25]} Ba2 {[%emt 0:00:08]} 84. Be2 {[%emt 0:00:04]} Kg6 {[%emt 0:00:11]} 1/2-1/2

[Event "Vienna IM February 2022"]
[Site "Vienna"]
[Date "2022.02.10"]
[Round "7.5"]
[White "Savanovic, Aleksandar"]
[Black "Finek, Vaclav"]
[Result "1/2-1/2"]
[WhiteElo "2391"]
[BlackElo "2419"]
[Annotator "TA"]
[PlyCount "49"]
[EventDate "2022.02.06"]
[EventType "tourn"]
[EventCountry "AUT"]
[SourceTitle "playchess.com"]
[Source "ChessBase"]
[SourceQuality "1"]

{[%evp 22,49,0,0,0,0,0,0,3,0,0,0,0,0,0,-4,-7,-14,-8,0,-3,-27,-28,-21,-26,-18,-18,-17,-16,-25]} 1. e4 c5 2. Nf3 e6 3. d4 cxd4 4. Nxd4 Nc6 5. Nc3 Qc7 6. Be2 a6 7. O-O Nf6 8. Kh1 Nxd4 9. Qxd4 Bc5 10. Qd3 b5 11. f4 Bb7 12. Bf3 d5 {B47: Sicilian: Taimanov: 5 Nc3 Qc7 6 f4, 6 g3 and 6 Be2.} 13. exd5 {[%cal Oc3b5]} O-O 14. d6 Qb8 15. Bxb7 Qxb7 16. f5 {[#] And now Bg5 would win.} Rad8 {[#]} 17. Bf4 $146 ({Predecessor:} 17. fxe6 Rxd6 18. Qf3 Qxf3 19. exf7+ Rxf7 20. gxf3 Bd4 21. Ne2 Bc5 22. c3 Rdd7 23. b4 {½-½ (33) Akrill,H-Piccoli,F (2143) ICCF email 2021}) 17... Rfe8 18. Rae1 exf5 19. Qxf5 Bxd6 20. Rxe8+ Nxe8 {[%cal Bf6e8,Be8c7,Bc7e6][%mdl 32]} 21. Ne4 Bxf4 22. Qxf4 Qe7 {[#] Threatens to win with ...Rd4.} 23. c3 {Prevents Rd4.} Nc7 24. h3 Ne6 25. Qe5 {An even fight not without its subleties.  Weighted Error Value: White=0.03 (flawless) /Black=0.01 (flawless)} 1/2-1/2

[Event "Vienna IM February 2022"]
[Site "Vienna"]
[Date "2022.02.11"]
[Round "8.1"]
[White "Borrmann, Laurenz"]
[Black "Finek, Vaclav"]
[Result "1/2-1/2"]
[WhiteElo "2232"]
[BlackElo "2419"]
[Annotator "TA"]
[PlyCount "75"]
[EventDate "2022.02.06"]
[EventType "tourn"]
[EventCountry "AUT"]
[SourceTitle "playchess.com"]
[Source "ChessBase"]
[SourceQuality "1"]

{[%evp 15,75,6,15,-31,-37,-55,0,0,0,0,0,0,14,3,13,3,16,21,21,23,23,21,27,9,16,16,39,12,28,11,19,12,32,24,43,31,68,26,71,67,81,73,81,58,81,57,117,54,64,45,95,4,11,-56,-54,-83,-83,-83,-83,-83,-91,-98]} 1. d4 Nf6 2. c4 g6 3. Nc3 d5 4. cxd5 Nxd5 5. e4 Nxc3 6. bxc3 Bg7 7. Nf3 $1 {[%mdl 4] is recently more successful than 7.Bc4.} c5 8. Rb1 O-O 9. h3 {D85: Exchange Grünfeld: Unusual White 7th moves and lines with 7 Nf3.} (9. Be2 $11 {feels stronger.}) 9... Nc6 $15 {[%cal Rc5d4]} 10. d5 Ne5 (10... Bxc3+ $15 11. Bd2 Bxd2+ 12. Qxd2 Na5) 11. Nxe5 $11 {The position is equal.} Bxe5 {[#]} 12. Qc2 $146 ({Predecessor:} 12. Qb3 e6 13. Bc4 b5 14. Bxb5 Rb8 15. Qc2 a6 16. Bc4 Rxb1 17. Qxb1 Bxc3+ 18. Ke2 exd5 19. Bxd5 {0-1 (35) Nastore,P (2221)-Mikhalsky,V (2290) Chess.com INT 2021}) 12... f5 13. Bd3 f4 14. Be2 b6 15. c4 e6 16. Bb2 Bxb2 17. Qxb2 Qg5 18. Kf1 e5 19. Rd1 Bd7 20. Bf3 Rfe8 21. Kg1 Qh4 22. Ra1 Rab8 23. Qa3 a5 24. Re1 {[%cal Ba1e1,Be1b1,Bb1b5][%mdl 32]} Kg7 25. Bd1 Qe7 26. Ba4 (26. Bg4 $14) 26... Bxa4 (26... b5 $11 {is superior.} 27. cxb5 Bxb5) 27. Qxa4 $16 Red8 28. Rb1 Rd6 29. Qa3 Rf8 30. Rb5 Rff6 (30... h5 $14) 31. Kh2 (31. h4 $16) 31... g5 $14 32. Rhb1 Rh6 (32... h5 $14) 33. f3 (33. Qf3 $16) 33... Rhg6 $11 34. R1b3 (34. Rh1 $11) 34... h5 $1 $15 35. Qb2 {[%cal Rb5b6]} a4 {Black is better.} 36. Rd3 g4 {[#] Threatens to win with ...gxh3.} 37. fxg4 hxg4 38. hxg4 {Weighted Error Value: White=0.22 (precise) /Black=0.15 (very precise)} 1/2-1/2

[Event "Vienna IM February 2022"]
[Site "Vienna"]
[Date "2022.02.11"]
[Round "8.2"]
[White "Peyrer, Konstantin"]
[Black "Savanovic, Aleksandar"]
[Result "1-0"]
[WhiteElo "2301"]
[BlackElo "2391"]
[Annotator "TA"]
[PlyCount "85"]
[EventDate "2022.02.06"]
[EventType "tourn"]
[EventCountry "AUT"]
[SourceTitle "playchess.com"]
[Source "ChessBase"]
[SourceQuality "1"]

{[%evp 21,85,14,12,0,0,0,0,0,0,0,0,0,0,0,0,-7,0,0,-12,-11,-18,-39,-25,-18,31,12,40,55,46,56,52,49,49,68,68,47,56,56,304,304,288,289,331,304,278,278,278,267,237,263,251,222,275,262,264,261,348,200,615,609,586,584,2355,2125,1217,1179]} 1. e4 e5 2. Nf3 Nc6 3. Bb5 {[%cal Bf1b5,Bb5a4,Ba4b3][%mdl 32]} a6 4. Ba4 Nf6 5. O-O Nxe4 6. d4 b5 7. Bb3 d5 8. dxe5 Be6 9. Be3 Be7 10. c3 O-O 11. Nbd2 Bg4 {outshines the older 11...Qd7.} 12. h3 {C83: Open Ruy Lopez: 9 c3 Be7.} Nxd2 13. hxg4 Nxf1 14. Kxf1 {The position is equal.} Na5 15. Bxd5 c6 16. Be4 {A strong pair of Bishops.} Qxd1+ 17. Rxd1 Nc4 18. Bc1 Rad8 19. Re1 c5 {[#]} 20. b3 $146 ({Predecessor:} 20. g3 h6 21. Kg2 g5 22. b3 Nb6 23. Bb7 a5 24. Bc6 b4 25. cxb4 axb4 26. e6 {1-0 (59) Shevchenko,K (2633)-Vidit,S (2727) Chess.com INT 2021}) 20... Nb6 21. Ke2 Nd5 22. Bd2 b4 (22... Rfe8 $11) 23. c4 $14 Nc7 24. Rh1 h6 25. g5 hxg5 26. Bh7+ Kh8 27. Bxg5 Rfe8 28. Be3 {White is more active.} Ne6 29. g4 Nd4+ $2 {This costs Black the game.} (29... Rb8 $14) 30. Bxd4 $18 cxd4 31. e6 {[#] Bg6+ is the strong threat.} g5 32. exf7 Rf8 33. Bg8+ Kg7 34. Rh7+ Kg6 35. Kd3 Bf6 36. Nd2 a5 37. Rh1 Rd7 38. Ne4 {Threatens to win with Ng3. Dancing on a razor blade.} Be7 39. c5 (39. Bh7+ $142 Kxf7 40. Bf5) 39... Rc8 $2 (39... Rc7 40. Bh7+ (40. Kxd4 Rd8+ 41. Kc4 Rdc8 $16) 40... Kxf7) 40. Bh7+ {White is clearly winning.} Kxf7 41. Bf5 Rdc7 42. Rh7+ Kg8 {[#]} 43. Rxe7 $1 {[%mdl 512] Weighted Error Value: White=0.07 (flawless) /Black=0.42} 1-0

[Event "Vienna IM February 2022"]
[Site "Vienna"]
[Date "2022.02.11"]
[Round "8.3"]
[White "Yankelevich, Lev"]
[Black "Morgunov, Marc"]
[Result "1/2-1/2"]
[WhiteElo "2444"]
[BlackElo "2377"]
[Annotator "TA"]
[PlyCount "110"]
[EventDate "2022.02.06"]
[EventType "tourn"]
[EventCountry "AUT"]
[SourceTitle "playchess.com"]
[Source "ChessBase"]
[SourceQuality "1"]

{[%evp 9,110,-5,27,1,11,14,20,23,16,7,14,18,22,22,14,13,24,0,0,-4,0,-18,-2,-15,0,0,0,0,0,-2,12,0,0,0,0,0,80,87,83,-10,-14,-19,5,4,60,60,66,37,37,37,37,0,0,0,0,0,0,0,0,0,0,0,129,139,133,136,231,229,238,185,190,80,80,0,0,0,0,0,17,0,0,0,0,0,0,0,0,0,0,0,0,0,0,0,0,0,0,0,0,0,0,0,0]} 1. d4 Nf6 2. c4 b6 3. Nc3 Bb7 4. Bg5 e6 5. a3 h6 6. Bh4 {A40: Unusual replies to 1 d4.} (6. Bxf6 $5 Qxf6 7. Nf3 $11) 6... d5 7. cxd5 exd5 8. e3 Nbd7 9. Bb5 c6 10. Bd3 Be7 11. Nge2 {[%cal Bg1e2,Be2g3,Bg3f5][%mdl 32]} O-O 12. O-O c5 {[#]} 13. f3 $146 ({Predecessor:} 13. Rc1 a6 14. dxc5 bxc5 15. Bf5 Bc6 16. Qc2 Rb8 17. Rfd1 Nb6 18. b3 Re8 19. Rd2 Rb7 20. Rcd1 {0-1 (65) Alvarez Angel,N (2078)-Chavez Duero,B (2026) Medellin 2021}) 13... Re8 14. Bf2 a6 15. Kh1 b5 16. Ng3 Nb6 17. Nf5 Bf8 18. dxc5 Bxc5 19. b3 g6 20. Nxh6+ Kg7 21. Ng4 Nxg4 22. fxg4 Ra7 (22... Nd7 $11 {keeps the balance.}) 23. Qf3 $16 {[%cal Of2h4] Hoping for Bh4!} Ba8 24. e4 (24. Rac1 $16 {[%cal Oc3b5] And now Nxb5! would win.} Qe7 25. e4 dxe4 26. Nxe4 $1 {[%mdl 512]} Bxe4 27. Bxe4 (27. Bxc5 Bxf3 28. Bxe7 Bxg2+ 29. Kxg2 Raxe7 $11) 27... Bxf2 28. Qxf2 Qxe4 29. Rce1 (29. Qxb6 Qe3 $16)) 24... Bxf2 $11 25. Rxf2 dxe4 26. Bxe4 Bxe4 ({Black should try} 26... Qd4 $11 27. Rd1 Bxe4 28. Nxe4 (28. Rxd4 Bxf3 29. gxf3 Re3 $17) 28... Qxe4 29. Qf6+ Kg8 30. Qxb6 Qxg4) 27. Nxe4 $14 Qd4 {[%csl LRa1,LRe4]} 28. Qf6+ Qxf6 29. Nxf6 Re3 30. h4 Nd7 31. g5 Nxf6 $1 32. gxf6+ $11 {[%mdl 4096] Endgame KRR-KRR} Kh7 33. Rd1 Re4 34. g3 Rc7 35. Rd3 Kh6 {[#]} (35... g5 $11 {remains equal.}) 36. Rd8 $1 $16 {[%cal Rd8h8]} Kh7 {Prevents Rh8+.} 37. Rf8 g5 (37... Re5 $16) 38. hxg5 $18 {[%cal Og5g6] White threatens g6+! and mate.} Re1+ 39. Kg2 Re5 40. Rf4 (40. g4 $18 Rxg5 41. Kf3) 40... Rxg5 $16 41. g4 (41. a4 $16) 41... Rg8 $1 $11 {The position is equal.} 42. Rxg8 Kxg8 {KR-KR} 43. Rf5 Rc6 44. Kf3 Kh7 45. g5 Kg6 46. Rd5 Rc1 47. b4 Ra1 48. Kf4 Rf1+ 49. Ke3 Ra1 50. Kf4 Rf1+ 51. Ke4 Re1+ 52. Kf3 Ra1 53. Kg4 Rg1+ 54. Kf4 Rf1+ 55. Ke3 Ra1 {Weighted Error Value: White=0.12 (very precise) /Black=0.13 (very precise)} 1/2-1/2